Pojistné na sociální zabezpečení a příspěvek na státní politiku zaměstnanosti.
Výklad k zákonu ČNR z 20.11.1992 o poistnom na sociálne zabezpečenie a príspevku na štátnu politiku zamestnanosti. Poistné zamestnancov. Poistné zamestnávateľov. Poistné osôb samostatne zárobkovo činných. Poistné osôb vykonávajúcich zamestnanie v cudzine. Sankčné ustanovenia. Zvláštne ustanovenia pr...
Salvato in:
| Autore principale: | |
|---|---|
| Natura: | Capitolo di libro |
| Lingua: | ceco |
| Soggetti: | |
| Tags: |
Nessun Tag, puoi essere il primo ad aggiungerne!!
|
MARC
| LEADER | 00000naa a2200000 4500 | ||
|---|---|---|---|
| 001 | r012086 | ||
| 005 | 20250825075721.0 | ||
| 041 | 0 | |a cze | |
| 044 | |a CZ | ||
| 245 | 1 | 0 | |a Pojistné na sociální zabezpečení a příspěvek na státní politiku zaměstnanosti. |c J. Přib |
| 520 | |a Výklad k zákonu ČNR z 20.11.1992 o poistnom na sociálne zabezpečenie a príspevku na štátnu politiku zamestnanosti. Poistné zamestnancov. Poistné zamestnávateľov. Poistné osôb samostatne zárobkovo činných. Poistné osôb vykonávajúcich zamestnanie v cudzine. Sankčné ustanovenia. Zvláštne ustanovenia pre príslušníkov ozbrojených síl a zborov. | ||
| 610 | 2 | 0 | |a poistenie |
| 610 | 2 | 0 | |a poistenie sociálne |
| 610 | 2 | 0 | |a zamestnanosť |
| 610 | 2 | 0 | |a zabezpečenie sociálne |
| 610 | 2 | 0 | |a zákony |
| 610 | 2 | 0 | |a 1992 |
| 610 | 2 | 0 | |a Čechy |
| 100 | 1 | |a Přib, Jan | |